00752nam a2200181 a 450000100100000000500170001000800410002704000250006810000360009324500510012926000870018030000200026749000400028750000730032783000470040095201060044799900170055300003938120201002031625.0130625s1979 sp 000 0 spa d aDO-SdBNPbspacBNPHU1 aPérez Castro, Federico96543313aEl codice de profetas de El Cairo /cFederico. aMadrid :bConsejo Superior de Investigaciones Científicas Pérez Castro,c1979. a31 p. ;c28 cm.1 aTextos y estudios Cardenal Cisneros aIncluye referencias bibliográficas y notas al pie de las páginas 0aTextos y estudios Cardenal Cisneros965577 0010507-18MOaGRbGRcOId2013-06-25iLF1l0o p39381-10r2020-06-25w2020-06-25y1ZNo se presta c38871d38871